Nomeie os últimos 20 campeões do mundo de Fórmula 1 - Statistics

Estatísticas Gerais
  • Esse quiz foi jogado 111 vezes
  • A pontuação média é 9 de 20
Estatísticas das Respostas
Hint Resposta % Correto
2024 Max Verstappen
99%
Lewis Hamilton
93%
Sebastian Vettel
81%
Michael Schumacher
72%
Fernando Alonso
71%
Nico Rosberg
67%
Ayrton Senna
66%
Kimi Räikkönen
60%
Alain Prost
54%
Nelson Piquet
51%
Mika Häkkinen
43%
Niki Lauda
40%
Damon Hill
33%
Nigel Mansell
33%
Jacques Villeneuve
30%
Keke Rosberg
17%
Jody Scheckter
11%
Alan Jones
10%
Mario Andretti
10%
Jens Button
4%
Nenhum quiz correspondente encontrado
Distribuição das Pontuações
Porcentagem de Pessoas com Cada Pontuação
Percentil de Números Respondidos
Sua Pontuação Histórica
Você não jogou esse quiz